Statistiques concernant Culture Générale - Série 1149

Cliquez ici pour prendre le quiz!

Statistiques générales

  • Ce quiz a été pris 58 fois
  • Le résultat moyen est 7 sur 10

Statistiques - réponses

QuestionRéponse% Correct
A quel pays associe-t-on traditionnellement le flamenco ?Espagne
100%
Complétez les paroles de cette chanson : "Je suis tombé par terre, c'est la faute à Voltaire; le nez dans le ruisseau, c'est la faute à...Rousseau
96%
Dans quel pays se situe la ville de Corinthe, célèbre pour ses raisins secs ?Grèce
95%
Quelle chaîne de montagnes considère-t-on traditionnellement comme une frontière naturelle entre l'Europe et l'Asie ?Oural
75%
Quelle actrice française, interprète principale de "Casque d'or", était la grand-mère de Benjamin Castaldi ?Simone Signoret
68%
Quelle commune française de l'Isère porte le même nom qu'une capitale européenne ?Vienne
68%
Dans quel sport de combat le Français Emmanuel Pinda a-t-il été champion du monde ?karaté
58%
Sur la route, les ralentisseurs sont parfois surnommés les "gendarmes...couchés
56%
Quelle comédie de 1994 met en scène les aventures d'une équipe jamaïcaine de bobsleigh ?Rasta Rockett
44%
A quel écrivain français, prénommé Antoine, doit-on les romans "Les Enfants du Bon Dieu" et "Un singe en hiver" ?Antoine Blondin
19%

Distribution des résultats

Percentile par nombre de réponses

% des personnes avec chaque résultat

Votre développement - résultats

Vous n’avez pas pris ce quiz